[Event "Offene Bochumer StEM 2012"]
[Site "?"]
[Date "2012.12.13"]
[Round "7.1"]
[White "Jellinghaus, Lars"]
[Black "Kiese, Matthias"]
[Result "0-1"]
[WhiteElo "2055"]
[BlackElo "2125"]
[PlyCount "174"]
[EventDate "2012.??.??"]
[WhiteTeam "SV Linden"]
[BlackTeam "Bochumer SV 02"]

1. Nf3 Nf6 2. b3 d5 3. Bb2 Bf5 4. e3 e6 5. Be2 h6 6. O-O Nbd7 7. c4 c6 8. d4
Be7 9. Nbd2 O-O 10. Ne5 Nxe5 11. dxe5 Ne4 12. Nf3 Qa5 13. Qc1 Bg6 14. a3 dxc4
15. b4 Qc7 16. Qxc4 Rfd8 17. Rfd1 Rxd1+ 18. Rxd1 Rd8 19. Rxd8+ Qxd8 20. Nd4 a5
21. f3 Ng5 22. Nb3 axb4 23. axb4 Qb6 24. Nc5 Bxc5 25. Qxc5 Qxc5 26. bxc5 Bb1
27. Bc4 Nh7 28. e4 Nf8 29. Kf2 Nd7 30. Bd4 Kf8 31. Ke3 Bc2 32. f4 h5 33. g3 Ke7
34. Be2 g6 35. h4 Bb1 36. g4 hxg4 37. Bxg4 Nf8 38. Bd1 Nd7 39. Bf3 Bc2 40. Kd2
Bb1 41. Ke3 Bc2 42. Bg4 Nf8 43. Bh3 Bb1 44. Bc3 Nd7 45. Bb4 Bc2 46. Kd4 Nf8 47.
Ba5 Kd7 48. Bg2 Bb1 49. Bf3 Bc2 50. Be2 Bb1 51. Bc4 Bc2 52. Ke3 Ke8 53. Bc7 Nd7
54. Kd4 Bb1 55. Bb3 Ke7 56. Ba4 Ke8 57. Bd1 Ke7 58. Bg4 Ke8 59. Bh3 Nf8 60. Bd6
Bc2 61. Ke3 Bb1 62. Bxf8 Kxf8 63. f5 Ba2 64. f6 Kg8 65. Bf1 Kh7 66. Kf4 Kh6 67.
Be2 Bb3 68. Bf3 Bc2 69. Be2 Bb1 70. Bc4 Bc2 71. Ke3 Bb1 72. Kd4 Bc2 73. Ba2 Kh7
74. Kc3 Bxe4 75. Kb4 Bd5 76. Bb1 Kh6 77. Ka5 g5 78. hxg5+ Kxg5 79. Kb6 Kf4 80.
Bg6 Kxe5 81. Bxf7 Kxf6 82. Bh5 e5 83. Kxb7 e4 84. Kc7 Ke5 85. Kd7 e3 86. Be2
Kd4 87. Kd6 Kc3 0-1

[Event "Offene Bochumer StEM 2012"]
[Site "?"]
[Date "2012.12.13"]
[Round "7.2"]
[White "Bastians, Felix"]
[Black "Quast, Marcel"]
[Result "1-0"]
[WhiteElo "2016"]
[BlackElo "2152"]
[PlyCount "99"]
[EventDate "2012.??.??"]
[WhiteTeam "SV Welper"]
[BlackTeam "SC Gerthe-Werne"]

1. e4 Nf6 2. e5 Nd5 3. d4 d6 4. Nf3 dxe5 5. Nxe5 c6 6. Be2 Nd7 7. Nf3 N7f6 8.
O-O g6 9. c4 Nc7 10. Nc3 Bg7 11. Qb3 O-O 12. Rd1 Ne6 13. Qc2 a6 14. b4 Qc7 15.
g3 Rd8 16. Qb3 Nf8 17. Bf4 Qd7 18. Rac1 Ne6 19. Be5 Qe8 20. d5 cxd5 21. cxd5
Nf8 22. Qc4 b5 23. Qd4 Be6 24. Bxf6 Bxf6 25. Qf4 Bxc3 26. dxe6 Rxd1+ 27. Bxd1
Nxe6 28. Qe4 Bf6 29. Ne5 Bxe5 30. Qxe5 Rc8 31. Rxc8 Qxc8 32. Bb3 Qc7 33. Qe4
Qd6 34. Bxe6 Qxe6 35. Qxe6 fxe6 36. Kg2 Kf7 37. Kf3 e5 38. Ke3 Ke6 39. Ke4 Kd6
40. f3 Ke6 41. g4 Kd6 42. g5 Ke6 43. h3 Kd6 44. Ke3 Kd5 45. Kd3 e6 46. a3 Kc6
47. Ke4 Kd6 48. h4 Ke7 49. Kxe5 Kd7 50. Kf6 1-0

[Event "Offene Bochumer StEM 2012"]
[Site "?"]
[Date "2012.12.13"]
[Round "7.3"]
[White "Sohlmann, Jan-Henning"]
[Black "Melmer, Felix"]
[Result "1-0"]
[WhiteElo "2147"]
[BlackElo "1949"]
[PlyCount "79"]
[EventDate "2012.??.??"]
[WhiteTeam "SV Welper"]
[BlackTeam "SC Gerthe-Werne"]

1. g3 c5 2. e4 Nc6 3. Nc3 g6 4. Bg2 Bg7 5. f4 d6 6. h3 Bd7 7. Nf3 e6 8. O-O
Nge7 9. Kh2 f5 10. d3 O-O 11. Be3 Qa5 12. Rb1 Rfe8 13. a3 a6 14. Ne2 Rad8 15.
Bd2 Qc7 16. Bc3 e5 17. Bd2 Nd4 18. Nexd4 exd4 19. c3 Bb5 20. c4 Bc6 21. Ng5 Qd7
22. b4 h6 23. b5 hxg5 24. bxc6 Nxc6 25. exf5 gxf4 26. Bd5+ Kf8 27. fxg6 Bf6 28.
Qh5 Re5 29. Qh6+ Ke8 30. Qxf4 Re2+ 31. Rf2 Qe7 32. Rxe2 Qxe2+ 33. Kg1 Qxd3 34.
Be4 Qxa3 35. Qxf6 Qxg3+ 36. Bg2 Rd7 37. Re1+ Ne5 38. Qh8+ Ke7 39. g7 Kf7 40.
Rf1+ 1-0

[Event "Offene Bochumer StEM 2012"]
[Site "?"]
[Date "2012.12.13"]
[Round "7.4"]
[White "Müller, Falk"]
[Black "Bartel, Mario"]
[Result "1-0"]
[WhiteElo "1991"]
[BlackElo "2032"]
[PlyCount "83"]
[EventDate "2012.??.??"]
[WhiteTeam "SC Gerthe-Werne"]
[BlackTeam "SV Wattenscheid"]

1. e4 e5 2. Nf3 Nc6 3. Bb5 a6 4. Ba4 Nf6 5. O-O Nxe4 6. d4 b5 7. Bb3 d5 8. Nxe5
Nxe5 9. dxe5 Be6 10. c3 Bc5 11. Qe2 c6 12. Be3 Be7 13. f3 Nc5 14. Bc2 Qc7 15.
Qf2 Nd7 16. f4 g6 17. Nd2 c5 18. Rac1 h5 19. Kh1 h4 20. h3 a5 21. a4 Rb8 22.
axb5 Rxb5 23. b3 Rb7 24. Qe1 Rh5 25. Bf2 Nf8 26. Ra1 Ra7 27. Bd1 Rh7 28. b4
axb4 29. Rxa7 Qxa7 30. cxb4 d4 31. bxc5 Bxc5 32. Ne4 Be7 33. Qd2 Bd5 34. Bxd4
Qd7 35. Bg4 Qb7 36. Nf6+ Bxf6 37. exf6 Ne6 38. Re1 Kf8 39. Be5 Rh8 40. Rd1 Bc6
41. Bxe6 fxe6 42. Qd8+ 1-0

[Event "Offene Bochumer StEM 2012"]
[Site "?"]
[Date "2012.12.13"]
[Round "7.5"]
[White "Winterkamp, Sascha"]
[Black "Berens, Thomas"]
[Result "1-0"]
[WhiteElo "1962"]
[BlackElo "1907"]
[PlyCount "59"]
[EventDate "2012.??.??"]
[WhiteTeam "SG Höntrop"]
[BlackTeam "SC Gerthe-Werne"]

1. e4 c5 2. Nf3 Nc6 3. Bb5 Qb6 4. Be2 g6 5. c3 Bg7 6. d3 d6 7. h3 Nf6 8. Nbd2
O-O 9. Nc4 Qc7 10. Bf4 b5 11. Ne3 e6 12. Nd2 Bb7 13. Bh2 Qe7 14. g4 Nd7 15. Bg3
b4 16. Rc1 bxc3 17. bxc3 Nb6 18. O-O Rad8 19. Re1 Qd7 20. Nb3 a5 21. Nd2 Ba6
22. Qb3 Rb8 23. Qa3 f5 24. exf5 exf5 25. Ng2 Bh6 26. f4 Bg7 27. Nc4 Bxc4 28.
dxc4 fxg4 29. Bxg4 Qf7 30. Be6 1-0

[Event "Offene Bochumer StEM 2012"]
[Site "?"]
[Date "2012.12.13"]
[Round "7.6"]
[White "Löffelbein, Klaus"]
[Black "Jedner, Volker"]
[Result "1-0"]
[WhiteElo "1830"]
[BlackElo "1800"]
[PlyCount "95"]
[EventDate "2012.??.??"]
[WhiteTeam "SC Gerthe-Werne"]
[BlackTeam "SG Höntrop"]

1. d4 d5 2. c4 c6 3. Nf3 e6 4. Nc3 Nf6 5. Bg5 Be7 6. e3 O-O 7. Rc1 Nbd7 8. Qc2
h6 9. Bh4 Re8 10. Bg3 b6 11. Be2 dxc4 12. Bxc4 Bb7 13. O-O c5 14. Qe2 cxd4 15.
Nxd4 a6 16. Rfd1 b5 17. Bxe6 Qb6 18. Bxd7 Nxd7 19. Nf5 Nf6 20. Nxe7+ Rxe7 21.
Rd6 Qa5 22. Bh4 b4 23. Bxf6 gxf6 24. Qg4+ Kh8 25. Rxf6 Kh7 26. Rf5 Qc7 27. Ne2
Qd7 28. Qf4 Rc8 29. Rf1 Be4 30. Rf6 Bg6 31. Qxb4 Re6 32. Rxe6 Qxe6 33. Nf4 Qc6
34. Nxg6 Qxg6 35. g3 Rc2 36. a3 Qf5 37. b3 Qd3 38. a4 Rc3 39. Qf4 Qd5 40. Qf6
Rxb3 41. Qxa6 Ra3 42. Qb5 Qa2 43. Rd1 Qc2 44. Qd5 Qg6 45. a5 Kg7 46. Qe5+ Kh7
47. h4 Ra2 48. Rd8 1-0

[Event "Offene Bochumer StEM 2012"]
[Site "?"]
[Date "2012.12.13"]
[Round "7.7"]
[White "Skara, Milenko"]
[Black "Lang, Daniel"]
[Result "0-1"]
[WhiteElo "1751"]
[BlackElo "1996"]
[PlyCount "72"]
[EventDate "2012.??.??"]
[WhiteTeam "SG Höntrop"]
[BlackTeam "SV Wattenscheid"]

1. e4 c5 2. Nf3 Nc6 3. Be2 a6 4. d4 cxd4 5. Nxd4 Nf6 6. Bf3 e5 7. Nb3 Bb4+ 8.
c3 Be7 9. Be3 O-O 10. O-O d6 11. c4 Be6 12. Qe2 Qc8 13. Rc1 Ng4 14. Bxg4 Bxg4
15. f3 Be6 16. N3d2 Qd8 17. Nc3 Bg5 18. Nf1 Nd4 19. Qd3 f5 20. b3 Rf7 21. Rd1
Bxe3+ 22. Nxe3 Qh4 23. Nxf5 Bxf5 24. exf5 Rxf5 25. Rd2 Raf8 26. Rf1 Rh5 27. g3
Qg5 28. Ne4 Qg6 29. Rdf2 Rhf5 30. Qd1 h5 31. Kg2 Rxf3 32. Nd2 Rxf2+ 33. Rxf2
Rxf2+ 34. Kxf2 Qd3 35. Kg2 e4 36. Kh3 Nf3 0-1

[Event "Offene Bochumer StEM 2012"]
[Site "?"]
[Date "2012.12.13"]
[Round "7.8"]
[White "Schmidt, Ralph"]
[Black "Rath, Michael"]
[Result "1-0"]
[WhiteElo "1917"]
[BlackElo "1711"]
[PlyCount "37"]
[EventDate "2012.??.??"]
[WhiteTeam "SV Linden"]
[BlackTeam "SV KS Haltern"]

1. e4 e6 2. Nc3 b6 3. d3 Bb7 4. Be2 Bb4 5. f4 d5 6. exd5 exd5 7. Bf3 Nf6 8.
Nge2 c5 9. O-O Qc7 10. Ng3 c4 11. Qe2+ Kf8 12. dxc4 Nbd7 13. Nxd5 Nxd5 14. cxd5
Re8 15. Qd3 Nc5 16. Qd4 a5 17. Bd2 Nb3 18. Bxb4+ Kg8 19. axb3 1-0

[Event "Offene Bochumer StEM 2012"]
[Site "?"]
[Date "2012.12.13"]
[Round "7.9"]
[White "Funke, Eckhard"]
[Black "Domnik, Roland"]
[Result "1-0"]
[WhiteElo "1850"]
[BlackElo "1739"]
[PlyCount "93"]
[EventDate "2012.??.??"]
[WhiteTeam "SG Höntrop"]
[BlackTeam "TuS Witten-Stockum"]

1. d4 d5 2. c4 Nc6 3. Nf3 Bg4 4. e3 Nf6 5. cxd5 Nxd5 6. Bb5 Bd7 7. O-O e6 8. e4
Nb6 9. Nc3 a6 10. Bxc6 bxc6 11. Ne5 Be7 12. Na4 Nxa4 13. Qxa4 c5 14. Qxd7+ Qxd7
15. Nxd7 Kxd7 16. Be3 cxd4 17. Bxd4 f6 18. Rfd1 Ke8 19. e5 c5 20. Bc3 Rd8 21.
Rxd8+ Kxd8 22. exf6 gxf6 23. f4 Kd7 24. Kf2 Kc6 25. Re1 Kd5 26. Kf3 h5 27. Re4
Rg8 28. Ra4 Ra8 29. h3 f5 30. g4 fxg4+ 31. hxg4 hxg4+ 32. Kxg4 Bd6 33. Kf3 Rf8
34. Ke3 Ra8 35. Kd3 Rf8 36. Bd2 Bc7 37. Kc3 a5 38. Kc2 c4 39. Ra3 Bxf4 40.
Rxa5+ Ke4 41. Bxf4 Rxf4 42. Kc3 e5 43. Rc5 Rf3+ 44. Kxc4 Kf4 45. Rc8 e4 46. a4
Rf1 47. Rf8+ 1-0

[Event "Offene Bochumer StEM 2012"]
[Site "?"]
[Date "2012.12.13"]
[Round "7.10"]
[White "Buthmann, Ralf"]
[Black "Boost, Jürgen"]
[Result "1/2-1/2"]
[WhiteElo "1751"]
[BlackElo "1832"]
[PlyCount "90"]
[EventDate "2012.??.??"]
[WhiteTeam "SV KS Haltern"]
[BlackTeam "SC Gerthe-Werne"]

1. c4 e5 2. Nc3 Nc6 3. g3 Nf6 4. Bg2 Bc5 5. e3 O-O 6. a3 d6 7. Nge2 Bg4 8. h3
Be6 9. d4 exd4 10. exd4 Nxd4 11. Nxd4 Bxc4 12. Be3 c6 13. Bf1 Bd5 14. Nxd5 Nxd5
15. Qd2 Nxe3 16. fxe3 Qg5 17. O-O-O Rfe8 18. Re1 Bxd4 19. Qxd4 Qxg3 20. Bd3 Qe5
21. Rhg1 Qxd4 22. exd4 Rxe1+ 23. Rxe1 Kf8 24. Kd2 d5 25. b4 Rd8 26. b5 cxb5 27.
Bxb5 g6 28. Rc1 a6 29. Ba4 b5 30. Bb3 Ke7 31. Rc5 Ke6 32. Ke3 Rd6 33. Kf4 f6
34. Bc2 Rb6 35. Bb3 Rd6 36. h4 h6 37. Rc8 g5+ 38. hxg5 fxg5+ 39. Kg4 Kf6 40.
Rc5 Ke6 41. Kh5 Kf5 42. Rxd5+ Rxd5 43. Bxd5 Kf4 44. Bb3 g4 45. Bd5 Ke3 1/2-1/2

[Event "Offene Bochumer StEM 2012"]
[Site "?"]
[Date "2012.12.13"]
[Round "7.11"]
[White "Czarnik, Josef"]
[Black "Schumann, Burkhard"]
[Result "1/2-1/2"]
[WhiteElo "1965"]
[BlackElo "1649"]
[PlyCount "76"]
[EventDate "2012.??.??"]
[WhiteTeam "SV KS Haltern"]
[BlackTeam "SC Gerthe-Werne"]

1. d4 f5 2. e4 fxe4 3. Nc3 Nf6 4. Bg5 c6 5. Bxf6 exf6 6. Nxe4 d5 7. Ng3 Bd6 8.
Qh5+ g6 9. Qh6 Kf7 10. O-O-O Qc7 11. Nh3 Bxh3 12. Qxh3 Bf4+ 13. Kb1 Qd7 14.
Qxd7+ Nxd7 15. Bd3 Rae8 16. Ne2 Bb8 17. h4 f5 18. b3 a6 19. Kb2 Nf6 20. c4 Kg7
21. Nc3 Re7 22. Rhe1 Rhe8 23. Rxe7+ Rxe7 24. Rd2 b5 25. Re2 Rxe2+ 26. Bxe2 Kf8
27. a4 b4 28. Nd1 a5 29. Kc2 Ke7 30. g3 Ba7 31. c5 Bb8 32. Kd3 Kf7 33. Ke3 h6
34. Ba6 Ke7 35. Nb2 Kd7 36. Nd3 g5 37. Ne1 Ne4 38. Bd3 f4+ 1/2-1/2

[Event "Offene Bochumer StEM 2012"]
[Site "?"]
[Date "2012.12.13"]
[Round "7.12"]
[White "Salin, Armin"]
[Black "Tuscher, Albin"]
[Result "1/2-1/2"]
[WhiteElo "1641"]
[BlackElo "1661"]
[PlyCount "40"]
[EventDate "2012.??.??"]
[WhiteTeam "SV Linden"]
[BlackTeam "SC Gerthe-Werne"]

1. d4 c5 2. d5 Nf6 3. c4 e6 4. Nc3 exd5 5. cxd5 d6 6. e4 Be7 7. Bd3 O-O 8. Nge2
a6 9. a4 Bg4 10. f3 Bh5 11. Ng3 Bg6 12. O-O Nbd7 13. f4 h6 14. Re1 Qc7 15. b3
Rfe8 16. Bb2 Bf8 17. Rc1 Qb6 18. Kh1 Rac8 19. Bc4 Re7 20. Rc2 Rce8 1/2-1/2

[Event "Offene Bochumer StEM 2012"]
[Site "?"]
[Date "2012.12.13"]
[Round "7.14"]
[White "Meise, Ulrich"]
[Black "Budszuhn, Timo"]
[Result "0-1"]
[WhiteElo "1862"]
[BlackElo "1924"]
[PlyCount "90"]
[EventDate "2012.??.??"]
[WhiteTeam "SC Gerthe-Werne"]
[BlackTeam "SG Bochum 31"]

1. e4 e5 2. Nf3 Nc6 3. Bb5 a6 4. Bxc6 dxc6 5. Nc3 Qe7 6. d4 exd4 7. Qxd4 Bg4 8.
Be3 Rd8 9. Qa4 Qb4 10. Qxb4 Bxb4 11. Ne5 Bxc3+ 12. bxc3 Be6 13. O-O Ne7 14. Bc5
f6 15. Nd3 b6 16. Be3 c5 17. a3 Ng6 18. f4 Bc4 19. Rfd1 O-O 20. f5 Ne7 21. Bf4
Rc8 22. a4 Rfe8 23. Nb2 Be2 24. Rd7 c6 25. Re1 Bh5 26. Nc4 b5 27. Nd6 Rcd8 28.
Rc7 Nd5 29. Nxe8 Rxe8 30. exd5 Rxe1+ 31. Kf2 Re2+ 32. Kf1 cxd5 33. Rc8+ Re8 34.
Rxc5 Be2+ 35. Kf2 Bc4 36. axb5 axb5 37. Be3 Ra8 38. Rc7 Ra2 39. Rc8+ Kf7 40.
Bc5 Rxc2+ 41. Kg1 Rc1+ 42. Kf2 Rf1+ 43. Ke3 Rxf5 44. Rf8+ Kg6 45. g4 Re5+ 0-1